00742nam a2200181 a 450000100100000000500170001000800410002704000250006808200150009310000360010824501240014426000820026830000290035049000220037983000290040195201130043099900170054300002968820200930055730.0110425s1988 dr c 000 0 spa d aDO-SdBNPbspacBNPHU axxxbA728f1 aArmenteros Ruis, Enrique95648610aEl bosque dominicano en su hora ¨0¨ :bComo atraer el sector privado a su reforestación /cEnrique Armenteros Ruis. aSanto Domingo :bFundación para el mejoramiento Humano (PROGRESSIO),c1988. a23 p. :bretr. ;c23 cm.1 aPROGRESSIOvno. 8 0aPROGRESSIOnno. 8956487 0010718PDaPDbPDcCTd2011-04-25iLF1l0oxxx A728fp29688-10r2020-06-25w2020-06-25yLFPDZNo se presta c29180d29180